000 00541nam a2200169Ia 4500
008 090123s9999 xx 000 0 und d
082 _b7029
100 _aआफळे सुनिती
245 _aसंत गुलाबराव महाराज
250 _a1
300 _a48
600 _aआफळे सुनिती
630 _aसंत गुलाबराव महाराज
700 _aआफळे सुनिती
730 _aसंत गुलाबराव महाराज
942 _cBOOK
999 _c45094
_d45094